000
00260nam a22000977a 4500
050
_a
TK 275
_b
.S2 2011
100
_a
A.K SAWHNEY
245
_a
A course in electrical and electronic measurements and instrumentation.
300
_a
xv, 1213 p. ill. 23 cm.
942
_c
GEN
999
_c
656
_d
656